000
00342nam a2200133Ia 4500
008
130318s9999 xx 000 0 und d
020
_a
8120326474
082
_a
351 PRA/E
100
_a
Prabhu, C.S.R
245
_a
E-governance: Concepts and case studies
260
_b
Prentice Hall
_a
New Delhi
_c
2004
300
_a
247
650
_a
E-GOVERNANCE
999
_c
1480
_d
1480